The study on broiler chicken prodution in rith sopheap small farm in tropeangkrasang commune, bati district, takeo province, ការសិក្សាអំពីផលិតកម្មមាន់យកសាច់ជាកសិដ្ឋានខ្នាតតូចរបស់ រិទ្ធ សុភាព នៅឃុំត្រពាំងក្រសាំង ស្រុកបាទី ខេត្តតាកែវ (Record no. 10585)

000 -LEADER
fixed length control field 00733nam a22001337a 4500
040 ## - CATALOGING SOURCE
Transcribing agency RUA
082 ## - DEWEY DECIMAL CLASSIFICATION NUMBER
Classification number AED HUN 2015 B523 Or.1
100 ## - MAIN ENTRY--AUTHOR NAME
Personal name HUN SOTHEA; ហ៊ុន សុធា
245 ## - TITLE STATEMENT
Title The study on broiler chicken prodution in rith sopheap small farm in tropeangkrasang commune, bati district, takeo province, ការសិក្សាអំពីផលិតកម្មមាន់យកសាច់ជាកសិដ្ឋានខ្នាតតូចរបស់ រិទ្ធ សុភាព នៅឃុំត្រពាំងក្រសាំង ស្រុកបាទី ខេត្តតាកែវ
260 ## - PUBLICATION, DISTRIBUTION, ETC. (IMPRINT)
Place of publication RUA
Name of publisher HUN
Year of publication 2015
300 ## - PHYSICAL DESCRIPTION
Number of Pages x,45p.
Other physical details ill.
Dimensions 29cm.
856 ## - ELECTRONIC LOCATION AND ACCESS
Uniform Resource Identifier HUN SOTHEA
942 ## - ADDED ENTRY ELEMENTS (KOHA)
Koha item type AED
952 ## - LOCATION AND ITEM INFORMATION (KOHA)
Withdrawn status [LOCAL, KOHA] 0
952 ## - LOCATION AND ITEM INFORMATION (KOHA)
Withdrawn status [LOCAL, KOHA] 0
952 ## - LOCATION AND ITEM INFORMATION (KOHA)
Withdrawn status [LOCAL, KOHA] 0
952 ## - LOCATION AND ITEM INFORMATION (KOHA)
Withdrawn status [LOCAL, KOHA] 0
952 ## - LOCATION AND ITEM INFORMATION (KOHA)
Withdrawn status [LOCAL, KOHA] 0
952 ## - LOCATION AND ITEM INFORMATION (KOHA)
Withdrawn status [LOCAL, KOHA] 0
952 ## - LOCATION AND ITEM INFORMATION (KOHA)
Withdrawn status [LOCAL, KOHA] 0
952 ## - LOCATION AND ITEM INFORMATION (KOHA)
Withdrawn status [LOCAL, KOHA] 0
Holdings
Permanent Location Date acquired Koha item type Lost status Shelving location Barcode Current Location Full call number
Library Block B2016-10-31AED B523A01313Library Block BAED HUN 2015 B523 Or.1
Library Block B2016-10-31AED B523A01361Library Block BAED HUN 2015 B523 Or.2
Library Block B2016-10-31AED B523A02557Library Block BAED HUN 2015 B523 Or.3
Library Block B2016-10-31AED B523A02232Library Block BAED HUN 2015 B523 Or.4
Library Block B2016-10-31AED B523A00022Library Block BAED HUN 2015 B523 Or.5
Library Block B2016-10-31AED B523A02533Library Block BAED HUN 2015 B523 Or.6
Library Block B2016-10-31AED B523A00026Library Block BAED HUN 2015 B523 Or.7
Library Block B2016-10-31AED B523RUA062110Library Block BAED HUN 2015 B523 Or.8
មជ្ឈមណ្ឌលឯការនៃសាកលវិទ្យាល័យភូមិន្ទកសិកម្មចំការដូង

Powered by Koha